Normal view
MARC view
Entry Personal Name
001 - CONTROL NUMBER
- control field: 20061
003 - CONTROL NUMBER IDENTIFIER
- control field: OSt
005 - DATE AND TIME OF LATEST TRANSACTION
- control field: 20151212134316.0
008 - FIXED-LENGTH DATA ELEMENTS
- fixed length control field: 151212|| aca||aabn | a|a d
040 ## - CATALOGING SOURCE
- Original cataloging agency: OSt
- Transcribing agency: OSt
100 ## - HEADING--PERSONAL NAME
- Personal name: इंजी मनोज अग्रवाल
670 ## - SOURCE DATA FOUND
- Source citation: Work cat.: (OSt)46796: इंजी मनोज अग्रवाल , राष्टगौरव महाराणा प्रताप , 2009









